La Filosofía /

Estamos acostumbrados a tener una particular mirada sobre el mundo y, en ocasiones, nuestra forma de pensar nos parece inobjetable. Sin embargo, ¿qué sustenta nuestras ideas? ¿Hay una sola forma de pensar la realidad o el estado de las cosas? Con el discurso filosófico como aliado, Darío Sztajnszraj...

Descripción completa

Guardado en:
Autor Principal: Sztajnszrajber, Darío
Autores Corporativos: Canal Encuentro., Mulata films.
Formato: Deslizar
Publicado: Argentina : Canal Encuentro, 2012.
Series:Mentira La Verdad - Temporada 2
Materias:
Acceso en línea:https://www.educ.ar/recursos/108927/la-filosofia
Etiquetas: Agregar Etiqueta
Sin Etiquetas, Sea el primero en etiquetar este registro!
LEADER 01995ngm a22002895g 4500
001 CEM.cems023320
008 130507s2012##################0###0#####d
005 20250305174238.0
245 1 0 |a La Filosofía /  |c Darío Sztajnszrajber. 
260 |a Argentina :  |b Canal Encuentro,  |c 2012. 
300 |a 27'. 
490 0 |a Mentira La Verdad - Temporada 2 
500 |a Consultar en ventanilla. 
505 0 |a Capítulos: -- 1.La filosofía -- 2. La verdad -- 3. La comunidad -- 4. El poder -- 5. El poder II -- 6. El perdón -- 7. El conocimiento -- 8. El conocimiento II -- 9. El Lenguaje -- 10. El alma -- 11. El alma II -- 12. El tiempo -- 13. El bien 
538 |a Soporte: DVD - Color: Si - Grabación DRD. 
520 |a Estamos acostumbrados a tener una particular mirada sobre el mundo y, en ocasiones, nuestra forma de pensar nos parece inobjetable. Sin embargo, ¿qué sustenta nuestras ideas? ¿Hay una sola forma de pensar la realidad o el estado de las cosas? Con el discurso filosófico como aliado, Darío Sztajnszrajber desarrolla, problematiza y pone en tensión diferentes supuestos sobre la historia, la belleza, el amor, la felicidad, la identidad y otros temas. Mentira la verdad, un programa hecho para jóvenes, pero para consumir a toda edad; una propuesta para reflexionar sobre lo que respalda nuestros juicios de valor, pero también para pensar las razones que, a lo largo de los años, han hecho visibles algunos hechos sobre otros y han sustentado las historias que nos cuentan sobre un país, una región, una sociedad.¦650 
590 |a Identificación anterior registrada en SIABUC: D116b 
100 1 |a Sztajnszrajber, Darío 
710 2 |a Canal Encuentro. 
710 2 |a Mulata films. 
082 1 0 |/ SZT-2 
653 |a FILOSOFIA 
653 |a MENTIRA LA VERDAD 
653 |a PENSAMIENTO 
653 |a SERIE DE TELEVISION 
856 |u https://www.educ.ar/recursos/108927/la-filosofia 
859 |a CEMS  |b BIB. CEMS - Depto. Recursos Didacticos  |h 100  |i SZT-2  |k DRD  |p 1963.15  |t Ej.1